University Home | Library Home | Institutional Repository

Flore des Spermatophytes du Parc national Albert. (Record no. 140242)

MARC details
000 -LEADER
fixed length control field 01096cam2a220026500 4500
001 - CONTROL NUMBER
control field qcf00051684
005 - DATE AND TIME OF LATEST TRANSACTION
control field 20190823084430.0
008 - FIXED-LENGTH DATA ELEMENTS--GENERAL INFORMATION
fixed length control field 790611m19471955be abf 001 0 fre d
035 ## - SYSTEM CONTROL NUMBER
System control number (Sirsi) r54830
035 ## - SYSTEM CONTROL NUMBER
System control number (QCAT)lss02365586
035 ## - SYSTEM CONTROL NUMBER
System control number (UPRA)qcf00051684
040 ## - CATALOGING SOURCE
Modifying agency UPRA
110 2# - MAIN ENTRY--CORPORATE NAME
Corporate name or jurisdiction name as entry element Institut des parcs nationaux du Congo belge.
Linkage A13662.1
245 10 - TITLE STATEMENT
Title Flore des Spermatophytes du Parc national Albert.
260 ## - PUBLICATION, DISTRIBUTION, ETC.
Place of publication, distribution, etc. Bruxelles,
Date of publication, distribution, etc. 1947-1955.
500 ## - GENERAL NOTE
General note At head of title :Institut des Parcs Nationaux du Congo Belge.
505 0# - FORMATTED CONTENTS NOTE
Formatted contents note I -- Gymnospermes et Choripetales -- II -- Sympetales -- III. Monocotylees; par Walter Robyns.
610 #0 - SUBJECT ADDED ENTRY--CORPORATE NAME
Corporate name or jurisdiction name as entry element Parc national des Virunga.
Linkage S9275.1
650 #0 - SUBJECT ADDED ENTRY--TOPICAL TERM
Topical term or geographic name entry element Botany -- Belgian -- Zaire.
General subdivision Botany -- Belgian -- Zaire.
Geographic subdivision Botany -- Belgian -- Zaire.
Linkage S9276.1
700 1# - ADDED ENTRY--PERSONAL NAME
Personal name Robyns, Walter, 1901-
Dates associated with a name Robyns, Walter, 1901-
Linkage A13663.1
949 ## - LOCAL PROCESSING INFORMATION (OCLC)
a QK416
v VOL. 1
w lcc
i -70782
m MAIN
t BOOK
l ON-SHELF
949 ## - LOCAL PROCESSING INFORMATION (OCLC)
a QK416
v VOL. 2
w lcc
i -70783
m MAIN
t BOOK
l ON-SHELF
949 ## - LOCAL PROCESSING INFORMATION (OCLC)
a QK416
v VOL. 3
w lcc
i -70784
m MAIN
t BOOK
l ON-SHELF

No items available.

© 2026 - The University of Zambia Library - Koha v25.11